[Event "Tournoi International du Pays de Charleroi 2018"]
[Site "Roux, Belgium"]
[Date "2018.07.30"]
[Round "4.30"]
[White "Mitran Anthony, Cristian"]
[Black "Barbier, Wiebke"]
[Result "1/2-1/2"]
[WhiteElo "2096"]
[BlackElo "2031"]

1. Nf3 {[%clk 01:30:17]} {[%emt 00:00:41]} d6 {[%clk 01:30:48]} {[%emt
00:00:14]} 2. d4 {[%clk 01:30:41]} {[%emt 00:00:06]} Nf6 {[%clk 01:31:02]}
{[%emt 00:00:15]} 3. b3 {[%clk 01:31:03]} {[%emt 00:00:08]} Bg4 {[%clk
01:28:54]} {[%emt 00:02:38]} 4. g3 {[%clk 01:31:06]} {[%emt 00:00:27]} Nbd7
{[%clk 01:28:48]} {[%emt 00:00:36]} 5. Bb2 {[%clk 01:30:33]} {[%emt 00:01:03]}
c6 {[%clk 01:27:50]} {[%emt 00:01:28]} 6. Bg2 {[%clk 01:30:57]} {[%emt
00:00:06]} Qc7 {[%clk 01:27:54]} {[%emt 00:00:27]} 7. Nbd2 {[%clk 01:31:22]}
{[%emt 00:00:05]} e5 {[%clk 01:27:59]} {[%emt 00:00:25]} 8. dxe5 {[%clk
01:29:09]} {[%emt 00:02:42]} dxe5 {[%clk 01:28:12]} {[%emt 00:00:17]} 9. O-O
{[%clk 01:29:34]} {[%emt 00:00:04]} Bc5 {[%clk 01:28:04]} {[%emt 00:00:39]} 10.
Nc4 {[%clk 01:28:41]} {[%emt 00:01:23]} Bxf3 {[%clk 01:27:05]} {[%emt
00:01:30]} 11. Bxf3 {[%clk 01:27:30]} {[%emt 00:01:40]} e4 {[%clk 01:21:33]}
{[%emt 00:06:02]} 12. Bg2 {[%clk 01:27:15]} {[%emt 00:00:44]} b5 {[%clk
01:21:45]} {[%emt 00:00:19]} 13. Ne3 {[%clk 01:25:46]} {[%emt 00:01:58]} O-O
{[%clk 01:14:25]} {[%emt 00:07:51]} 14. Qc1 {[%clk 01:24:02]} {[%emt 00:02:13]}
Bd6 {[%clk 01:07:35]} {[%emt 00:07:20]} 15. c4 {[%clk 01:17:24]} {[%emt
00:07:08]} b4 {[%clk 01:04:30]} {[%emt 00:03:36]} 16. Rd1 {[%clk 01:07:33]}
{[%emt 00:10:21]} Be5 {[%clk 01:01:56]} {[%emt 00:03:04]} 17. a3 {[%clk
01:04:03]} {[%emt 00:04:00]} a5 {[%clk 00:56:47]} {[%emt 00:05:39]} 18. axb4
{[%clk 01:04:05]} {[%emt 00:00:28]} axb4 {[%clk 00:57:11]} {[%emt 00:00:06]} 19.
Qd2 {[%clk 01:03:31]} {[%emt 00:01:04]} Rxa1 {[%clk 00:49:39]} {[%emt
00:08:02]} 20. Bxa1 {[%clk 01:01:52]} {[%emt 00:02:08]} Rb8 {[%clk 00:46:12]}
{[%emt 00:03:57]} 21. Nc2 {[%clk 01:00:26]} {[%emt 00:01:56]} Bxa1 {[%clk
00:42:43]} {[%emt 00:04:00]} 22. Rxa1 {[%clk 00:58:18]} {[%emt 00:02:38]} h6
{[%clk 00:40:47]} {[%emt 00:02:26]} 23. Nxb4 {[%clk 00:46:17]} {[%emt
00:12:30]} Qb6 {[%clk 00:37:38]} {[%emt 00:03:40]} 24. Nc2 {[%clk 00:45:30]}
{[%emt 00:01:18]} Qxb3 {[%clk 00:36:46]} {[%emt 00:01:21]} 25. Nd4 {[%clk
00:39:07]} {[%emt 00:06:51]} Qxc4 {[%clk 00:32:48]} {[%emt 00:04:30]} 26. Rc1
{[%clk 00:39:29]} {[%emt 00:00:08]} Qb4 {[%clk 00:32:58]} {[%emt 00:00:20]} 27.
Qxb4 {[%clk 00:37:15]} {[%emt 00:02:42]} Rxb4 {[%clk 00:33:25]} {[%emt
00:00:05]} 28. Nxc6 {[%clk 00:36:05]} {[%emt 00:01:40]} Rb2 {[%clk 00:32:54]}
{[%emt 00:01:01]} 29. e3 {[%clk 00:31:48]} {[%emt 00:04:47]} Nb6 {[%clk
00:27:13]} {[%emt 00:06:11]} 30. Ne7+ {[%clk 00:30:50]} {[%emt 00:01:27]} Kh7
{[%clk 00:22:18]} {[%emt 00:05:25]} 31. Nf5 {[%clk 00:31:17]} {[%emt 00:00:03]}
Rb4 {[%clk 00:17:09]} {[%emt 00:05:39]} 32. Nd6 {[%clk 00:29:06]} {[%emt
00:02:41]} Kg8 {[%clk 00:14:30]} {[%emt 00:03:10]} 33. h3 {[%clk 00:26:51]}
{[%emt 00:02:42]} Kf8 {[%clk 00:08:25]} {[%emt 00:06:38]} 34. Rc7 {[%clk
00:20:50]} {[%emt 00:06:30]} Ne8 {[%clk 00:07:56]} {[%emt 00:00:59]} 35. Nxe8
{[%clk 00:17:37]} {[%emt 00:03:43]} Kxe8 {[%clk 00:08:23]} {[%emt 00:00:03]} 36.
Rb7 {[%clk 00:18:06]} Rb1+ {[%clk 00:08:25]} {[%emt 00:00:28]} 37. Kh2 {[%clk
00:18:34]} {[%emt 00:00:02]} Rb2 {[%clk 00:08:25]} {[%emt 00:00:31]} 38. g4
{[%clk 00:18:34]} {[%emt 00:00:30]} Nc4 {[%clk 00:06:26]} {[%emt 00:02:29]} 39.
Rxb2 {[%clk 00:18:25]} {[%emt 00:00:38]} Nxb2 {[%clk 00:06:53]} {[%emt
00:00:04]} 40. Bxe4 {[%clk 00:18:50]} {[%emt 00:00:05]} Ke7 {[%clk 00:07:02]}
{[%emt 00:00:20]} 41. Kg3 {[%clk 00:19:05]} {[%emt 00:00:14]} Nd1 {[%clk
00:07:13]} {[%emt 00:00:21]} 42. h4 {[%clk 00:19:05]} {[%emt 00:00:29]} Nc3
{[%clk 00:07:34]} {[%emt 00:00:08]} 43. Bd3 {[%clk 00:19:09]} {[%emt 00:00:27]}
g5 {[%clk 00:01:13]} {[%emt 00:06:52]} 44. h5 {[%clk 00:11:20]} {[%emt
00:08:18]} f6 {[%clk 00:28:57]} {[%emt 00:02:47]} 45. f4 {[%clk 00:41:04]}
{[%emt 00:00:45]} Nd5 {[%clk 00:28:39]} {[%emt 00:00:49]} 46. Kf3 {[%clk
00:41:16]} {[%emt 00:00:17]} Nc3 {[%clk 00:28:59]} {[%emt 00:00:10]} 47. Bc4
{[%clk 00:40:57]} {[%emt 00:00:49]} Kf8 {[%clk 00:24:09]} {[%emt 00:05:21]} 48.
e4 {[%clk 00:40:11]} {[%emt 00:01:16]} gxf4 {[%clk 00:24:10]} {[%emt 00:00:29]}
49. Kxf4 {[%clk 00:40:04]} {[%emt 00:00:36]} Kg7 {[%clk 00:24:04]} {[%emt
00:00:36]} 50. Ke3 {[%clk 00:39:10]} {[%emt 00:01:23]} Nd1+ {[%clk 00:23:56]}
{[%emt 00:00:39]} 51. Ke2 {[%clk 00:39:18]} {[%emt 00:00:23]} Nc3+ {[%clk
00:24:21]} {[%emt 00:00:05]} 52. Ke3 {[%clk 00:38:35]} {[%emt 00:01:10]} Nd1+
{[%clk 00:24:49]} {[%emt 00:00:04]} 53. Kd4 {[%clk 00:38:50]} {[%emt 00:00:15]}
Nf2 {[%clk 00:25:07]} {[%emt 00:00:11]} 54. Be2 {[%clk 00:38:53]} {[%emt
00:00:27]} Nh3 {[%clk 00:25:33]} {[%emt 00:00:05]} 55. Ba6 {[%clk 00:38:28]}
{[%emt 00:00:53]} Ng5 {[%clk 00:25:59]} {[%emt 00:00:07]} 56. Bc8 {[%clk
00:38:52]} {[%emt 00:00:04]} Nf3+ {[%clk 00:26:19]} {[%emt 00:00:11]} 57. Kd5
{[%clk 00:39:12]} {[%emt 00:00:10]} Ng5 {[%clk 00:26:47]} {[%emt 00:00:02]} 58.
Bf5 {[%clk 00:39:35]} {[%emt 00:00:07]} Nf3 {[%clk 00:27:11]} {[%emt 00:00:06]}
59. Kd6 {[%clk 00:39:59]} {[%emt 00:00:06]} Ng5 {[%clk 00:27:34]} {[%emt
00:00:08]} 60. Bg6 {[%emt 00:01:26]} 1/2-1/2

[Event "Tournoi International du Pays de Charleroi 2018"]
[Site "Roux, Belgium"]
[Date "2018.07.30"]
[Round "4.12"]
[White "Iolis, Oleg"]
[Black "Terryn, Ezra"]
[Result "0-1"]
[WhiteElo "2151"]
[BlackElo "2007"]

1. e4 {[%clk 01:30:59]} c5 {[%clk 01:30:34]} {[%emt 00:00:26]} 2. Nf3 {[%clk
01:31:25]} {[%emt 00:00:05]} e6 {[%clk 01:30:55]} {[%emt 00:00:09]} 3. d4
{[%clk 01:31:50]} {[%emt 00:00:04]} cxd4 {[%clk 01:31:19]} {[%emt 00:00:06]} 4.
Nxd4 {[%clk 01:32:16]} {[%emt 00:00:05]} Nc6 {[%clk 01:31:43]} {[%emt
00:00:05]} 5. Nc3 {[%clk 01:32:41]} {[%emt 00:00:06]} Qc7 {[%clk 01:32:04]}
{[%emt 00:00:09]} 6. Be3 {[%clk 01:33:00]} {[%emt 00:00:10]} a6 {[%clk
01:32:26]} {[%emt 00:00:08]} 7. Qd2 {[%clk 01:33:21]} {[%emt 00:00:09]} Nf6
{[%clk 01:31:32]} {[%emt 00:01:24]} 8. f3 {[%clk 01:33:23]} {[%emt 00:00:29]}
Be7 {[%clk 01:27:17]} {[%emt 00:04:43]} 9. O-O-O {[%clk 01:33:48]} {[%emt
00:00:07]} b5 {[%emt 00:00:43]} 10. g4 {[%clk 01:34:07]} d6 {[%clk 01:19:35]}
{[%emt 00:08:10]} 11. Nxc6 {[%clk 01:24:41]} {[%emt 00:09:57]} Qxc6 {[%clk
01:19:56]} {[%emt 00:00:07]} 12. Kb1 {[%clk 01:25:05]} {[%emt 00:00:07]} O-O
{[%clk 01:11:03]} {[%emt 00:09:21]} 13. Bd3 {[%clk 01:24:56]} {[%emt 00:00:40]}
Bb7 {[%clk 01:05:02]} {[%emt 00:06:32]} 14. Ne2 {[%clk 01:15:22]} {[%emt
00:10:04]} Nd7 {[%clk 01:00:38]} {[%emt 00:04:54]} 15. Nd4 {[%clk 01:09:15]}
{[%emt 00:06:36]} Qc7 {[%clk 01:00:35]} {[%emt 00:00:33]} 16. g5 {[%clk
01:04:27]} {[%emt 00:05:19]} d5 {[%clk 00:54:59]} {[%emt 00:06:06]} 17. Rhg1
{[%clk 00:52:29]} {[%emt 00:12:28]} Rac8 {[%clk 00:50:37]} {[%emt 00:04:52]} 18.
Rg4 {[%clk 00:45:39]} {[%emt 00:07:20]} Rfd8 {[%clk 00:45:21]} {[%emt
00:05:46]} 19. Qg2 {[%clk 00:23:46]} {[%emt 00:22:22]} dxe4 {[%clk 00:44:46]}
{[%emt 00:01:05]} 20. fxe4 {[%clk 00:23:10]} {[%emt 00:01:06]} Nc5 {[%clk
00:42:33]} {[%emt 00:02:43]} 21. Nb3 {[%clk 00:15:29]} {[%emt 00:08:11]} Na4
{[%clk 00:28:16]} {[%emt 00:14:47]} 22. Bf4 {[%clk 00:09:37]} {[%emt 00:06:22]}
Bd6 {[%clk 00:14:21]} {[%emt 00:14:25]} 23. Bxd6 {[%clk 00:09:45]} {[%emt
00:00:23]} Qxd6 {[%clk 00:14:49]} {[%emt 00:00:01]} 24. Qe2 {[%clk 00:07:29]}
{[%emt 00:02:46]} Qe5 {[%clk 00:14:17]} {[%emt 00:01:02]} 25. c3 {[%clk
00:07:28]} {[%emt 00:00:32]} Rxc3 {[%clk 00:12:51]} {[%emt 00:01:55]} 26. Nc1
{[%clk 00:07:42]} {[%emt 00:00:17]} Rdc8 {[%clk 00:11:05]} {[%emt 00:02:15]} 27.
Rg2 {[%clk 00:07:18]} {[%emt 00:00:54]} R3c7 {[%clk 00:06:52]} {[%emt
00:04:43]} 28. h4 {[%clk 00:07:03]} {[%emt 00:00:46]} Nc5 {[%clk 00:05:38]}
{[%emt 00:01:43]} 29. Re1 {[%clk 00:06:55]} {[%emt 00:00:39]} Bxe4 {[%clk
00:04:09]} {[%emt 00:01:59]} 30. Bxe4 {[%clk 00:07:06]} {[%emt 00:00:18]} Qxe4+
{[%clk 00:03:57]} {[%emt 00:00:42]} 31. Qxe4 {[%clk 00:06:58]} {[%emt
00:00:38]} Nxe4 {[%clk 00:04:26]} {[%emt 00:00:02]} 32. h5 {[%clk 00:06:51]}
{[%emt 00:00:37]} g6 {[%clk 00:03:05]} {[%emt 00:01:50]} 33. Nd3 {[%clk
00:07:03]} {[%emt 00:00:19]} Rd8 {[%clk 00:02:46]} {[%emt 00:00:48]} 34. Ne5
{[%clk 00:06:21]} {[%emt 00:01:12]} Nd2+ {[%clk 00:03:09]} {[%emt 00:00:07]} 35.
Ka1 {[%clk 00:06:50]} {[%emt 00:00:02]} Rc2 {[%clk 00:03:07]} {[%emt 00:00:31]}
36. Rge2 {[%clk 00:06:53]} {[%emt 00:00:27]} Rdc8 {[%clk 00:02:31]} {[%emt
00:01:06]} 37. Nd3 {[%clk 00:07:18]} {[%emt 00:00:05]} b4 {[%clk 00:02:12]}
{[%emt 00:00:49]} 38. h6 {[%clk 00:07:16]} {[%emt 00:00:32]} a5 {[%clk
00:02:12]} {[%emt 00:00:31]} 39. Re5 {[%clk 00:07:12]} {[%emt 00:00:33]} Nf3
{[%clk 00:02:16]} {[%emt 00:00:26]} 0-1

[Event "Tournoi International du Pays de Charleroi 2018"]
[Site "Roux, Belgium"]
[Date "2018.07.30"]
[Round "4.25"]
[White "Van Mechelen, Jan"]
[Black "Schuermans, Robert"]
[Result "1-0"]
[WhiteTitle "FM"]
[WhiteElo "2217"]
[BlackElo "2044"]

1. c4 {[%clk 01:30:31]} {[%emt 00:00:29]} Nc6 {[%clk 01:30:13]} {[%emt
00:00:46]} 2. Nc3 {[%clk 01:30:29]} {[%emt 00:00:32]} e5 {[%clk 01:30:09]}
{[%emt 00:00:35]} 3. Nf3 {[%clk 01:30:17]} {[%emt 00:00:41]} Nf6 {[%clk
01:29:49]} {[%emt 00:00:49]} 4. g3 {[%clk 01:29:49]} {[%emt 00:00:59]} Nd4
{[%clk 01:28:35]} {[%emt 00:01:45]} 5. Bg2 {[%clk 01:29:19]} {[%emt 00:01:00]}
Nxf3+ {[%clk 01:28:26]} {[%emt 00:00:38]} 6. Bxf3 {[%clk 01:29:38]} {[%emt
00:00:11]} Bb4 {[%clk 01:28:21]} {[%emt 00:00:35]} 7. Qb3 {[%clk 01:29:27]}
{[%emt 00:00:41]} Bc5 {[%clk 01:27:24]} {[%emt 00:01:27]} 8. d3 {[%clk
01:27:08]} {[%emt 00:02:49]} h6 {[%clk 01:23:37]} {[%emt 00:04:17]} 9. g4
{[%clk 01:23:39]} {[%emt 00:03:59]} c6 {[%clk 01:10:11]} {[%emt 00:13:56]} 10.
Rg1 {[%clk 01:18:51]} {[%emt 00:05:18]} d6 {[%clk 01:05:08]} {[%emt 00:05:32]}
11. h4 {[%clk 01:16:50]} {[%emt 00:02:32]} Nxg4 {[%clk 00:45:42]} {[%emt
00:19:56]} 12. Bxg4 {[%clk 01:10:15]} {[%emt 00:07:05]} Bxf2+ {[%clk 00:45:53]}
{[%emt 00:00:20]} 13. Kxf2 {[%clk 01:05:30]} {[%emt 00:05:14]} Qxh4+ {[%clk
00:46:05]} {[%emt 00:00:18]} 14. Ke3 {[%clk 00:58:01]} {[%emt 00:07:58]} f5
{[%clk 00:35:51]} {[%emt 00:10:45]} 15. Kd2 {[%clk 00:55:01]} {[%emt 00:03:30]}
fxg4 {[%clk 00:35:25]} {[%emt 00:00:56]} 16. Kc2 {[%clk 00:55:10]} {[%emt
00:00:21]} Qf2 {[%clk 00:29:32]} {[%emt 00:06:23]} 17. Bd2 {[%clk 00:55:07]}
{[%emt 00:00:32]} O-O {[%clk 00:29:15]} {[%emt 00:00:49]} 18. Ne4 {[%clk
00:50:03]} {[%emt 00:05:33]} Qxe2 {[%clk 00:27:53]} {[%emt 00:01:53]} 19. Rae1
{[%clk 00:50:20]} {[%emt 00:00:13]} Qf3 {[%clk 00:25:07]} {[%emt 00:03:15]} 20.
Nxd6 {[%clk 00:48:51]} {[%emt 00:02:00]} Qf2 {[%clk 00:16:03]} {[%emt
00:09:33]} 21. Nxc8 {[%clk 00:47:08]} {[%emt 00:02:14]} Raxc8 {[%clk 00:16:00]}
{[%emt 00:00:33]} 22. Rxg4 {[%clk 00:47:24]} {[%emt 00:00:13]} Rf7 {[%clk
00:13:56]} {[%emt 00:02:34]} 23. Rxe5 {[%clk 00:46:40]} {[%emt 00:01:15]} Rd8
{[%clk 00:13:45]} {[%emt 00:00:41]} 24. Qc3 {[%clk 00:45:01]} {[%emt 00:02:09]}
c5 {[%clk 00:11:57]} {[%emt 00:02:18]} 25. Rd5 {[%clk 00:42:44]} {[%emt
00:02:46]} Re8 {[%clk 00:09:24]} {[%emt 00:03:03]} 26. Kb3 {[%clk 00:41:08]}
{[%emt 00:02:06]} Qe2 {[%clk 00:08:11]} {[%emt 00:01:42]} 27. Rg6 {[%clk
00:38:22]} {[%emt 00:03:17]} Kh7 {[%clk 00:07:26]} {[%emt 00:01:15]} 28. Rdd6
{[%clk 00:38:23]} {[%emt 00:00:29]} Qe5 {[%clk 00:05:25]} {[%emt 00:02:30]} 29.
Qc1 {[%clk 00:36:47]} {[%emt 00:02:07]} Rd8 {[%clk 00:03:04]} {[%emt 00:02:51]}
30. Rxh6 {[%clk 00:35:14]} {[%emt 00:02:03]} gxh6 {[%clk 00:03:15]} {[%emt
00:00:19]} 31. Rxd8 {[%clk 00:35:39]} {[%emt 00:00:05]} Qe6 {[%clk 00:02:58]}
{[%emt 00:00:47]} 32. Rd5 {[%clk 00:34:18]} {[%emt 00:01:51]} Rd7 {[%clk
00:01:55]} {[%emt 00:01:33]} 33. Qh1 {[%clk 00:32:59]} {[%emt 00:01:49]} Rf7
{[%clk 00:01:19]} {[%emt 00:01:06]} 34. Bxh6 {[%clk 00:31:52]} {[%emt
00:01:37]} Qb6+ {[%clk 00:01:03]} {[%emt 00:00:46]} 35. Kc2 {[%clk 00:32:07]}
{[%emt 00:00:16]} Rf2+ {[%clk 00:01:22]} {[%emt 00:00:11]} 36. Bd2 {[%clk
00:32:28]} {[%emt 00:00:08]} 1-0

[Event "Tournoi International du Pays de Charleroi 2018"]
[Site "Roux, Belgium"]
[Date "2018.07.30"]
[Round "4.32"]
[White "Gillot, Florent"]
[Black "Hafner, Christian"]
[Result "1/2-1/2"]
[WhiteElo "1975"]
[BlackElo "2072"]

1. d4 {[%clk 01:30:56]} {[%emt 00:00:03]} Nf6 {[%clk 01:30:53]} {[%emt
00:00:09]} 2. Nf3 {[%clk 01:31:23]} {[%emt 00:00:02]} g6 {[%clk 01:31:16]}
{[%emt 00:00:07]} 3. Nbd2 {[%clk 01:31:45]} {[%emt 00:00:09]} d5 {[%clk
01:30:36]} {[%emt 00:01:09]} 4. b4 {[%clk 01:32:10]} {[%emt 00:00:05]} Bg7
{[%clk 01:30:24]} {[%emt 00:00:42]} 5. e3 {[%clk 01:32:01]} {[%emt 00:00:39]}
O-O {[%clk 01:30:21]} {[%emt 00:00:34]} 6. Bb2 {[%clk 01:31:21]} {[%emt
00:01:10]} c6 {[%clk 01:24:51]} {[%emt 00:05:59]} 7. c4 {[%clk 01:29:32]}
{[%emt 00:02:19]} a5 {[%clk 01:21:47]} {[%emt 00:03:34]} 8. b5 {[%clk
01:28:27]} {[%emt 00:01:36]} a4 {[%clk 01:21:18]} {[%emt 00:00:59]} 9. Ba3
{[%clk 01:25:58]} {[%emt 00:02:59]} Re8 {[%clk 01:20:26]} {[%emt 00:01:22]} 10.
Bd3 {[%clk 01:24:22]} {[%emt 00:02:06]} Qa5 {[%clk 01:16:56]} {[%emt 00:04:00]}
11. Qc2 {[%clk 01:11:55]} {[%emt 00:12:57]} Nbd7 {[%clk 00:50:34]} {[%emt
00:26:51]} 12. O-O {[%clk 00:57:43]} {[%emt 00:14:43]} e5 {[%clk 00:42:50]}
{[%emt 00:08:14]} 13. dxe5 {[%clk 00:56:20]} {[%emt 00:01:53]} Ng4 {[%clk
00:41:46]} {[%emt 00:01:33]} 14. bxc6 {[%clk 00:54:41]} {[%emt 00:02:08]} bxc6
{[%clk 00:39:40]} {[%emt 00:02:38]} 15. cxd5 {[%clk 00:46:46]} {[%emt
00:08:25]} cxd5 {[%clk 00:39:51]} {[%emt 00:00:19]} 16. Rab1 {[%clk 00:43:10]}
{[%emt 00:04:05]} Ndxe5 {[%clk 00:34:12]} {[%emt 00:06:10]} 17. Nxe5 {[%clk
00:35:02]} {[%emt 00:08:38]} Nxe5 {[%clk 00:33:49]} {[%emt 00:00:53]} 18. Bb5
{[%clk 00:34:49]} {[%emt 00:00:42]} Bf5 {[%clk 00:32:50]} {[%emt 00:01:29]} 19.
e4 {[%clk 00:33:23]} {[%emt 00:01:56]} Rec8 {[%clk 00:32:45]} {[%emt 00:00:34]}
20. Qd1 {[%clk 00:32:36]} {[%emt 00:01:18]} dxe4 {[%clk 00:31:40]} {[%emt
00:01:35]} 21. Qe2 {[%clk 00:29:39]} {[%emt 00:03:28]} Rab8 {[%clk 00:27:19]}
{[%emt 00:04:50]} 22. Bd6 {[%clk 00:26:05]} {[%emt 00:04:04]} e3 {[%clk
00:16:47]} {[%emt 00:11:02]} 23. Bxb8 {[%clk 00:20:33]} {[%emt 00:06:02]} exf2+
{[%clk 00:14:20]} {[%emt 00:02:56]} 24. Rxf2 {[%clk 00:12:24]} {[%emt
00:08:40]} Rxb8 {[%clk 00:11:50]} {[%emt 00:03:00]} 25. Rxf5 {[%clk 00:09:55]}
{[%emt 00:02:59]} gxf5 {[%clk 00:12:18]} {[%emt 00:00:02]} 26. Nf3 {[%clk
00:10:00]} {[%emt 00:00:25]} Qc3 {[%clk 00:11:07]} {[%emt 00:01:41]} 27. Nxe5
{[%clk 00:09:19]} {[%emt 00:01:11]} Bxe5 {[%clk 00:10:45]} {[%emt 00:00:52]} 28.
Kh1 {[%clk 00:07:35]} {[%emt 00:02:14]} Qc5 {[%clk 00:09:48]} {[%emt 00:01:27]}
29. Qf1 {[%clk 00:06:51]} {[%emt 00:01:14]} a3 {[%emt 00:02:28]} 1/2-1/2

[Event "Tournoi International du Pays de Charleroi 2018"]
[Site "Roux, Belgium"]
[Date "2018.07.30"]
[Round "4.29"]
[White "Barbier, Sigiswald"]
[Black "Godry, Clement"]
[Result "1/2-1/2"]
[WhiteElo "2117"]
[BlackElo "1940"]

1. c4 {[%clk 01:30:56]} {[%emt 00:00:02]} Nf6 {[%clk 01:30:34]} {[%emt
00:00:26]} 2. g3 {[%clk 01:31:13]} {[%emt 00:00:14]} e6 {[%clk 01:30:38]}
{[%emt 00:00:25]} 3. Bg2 {[%clk 01:31:28]} {[%emt 00:00:15]} d5 {[%clk
01:30:37]} {[%emt 00:00:32]} 4. Nf3 {[%clk 01:31:51]} {[%emt 00:00:07]} c6
{[%clk 01:30:45]} {[%emt 00:00:22]} 5. O-O {[%clk 01:31:56]} {[%emt 00:00:25]}
Bd6 {[%clk 01:31:00]} {[%emt 00:00:14]} 6. b3 {[%clk 01:29:26]} {[%emt
00:03:01]} Nbd7 {[%clk 01:31:02]} {[%emt 00:00:28]} 7. Bb2 {[%clk 01:27:58]}
{[%emt 00:01:58]} O-O {[%clk 01:31:13]} {[%emt 00:00:18]} 8. Nc3 {[%clk
01:27:38]} {[%emt 00:00:50]} b6 {[%clk 01:30:41]} {[%emt 00:01:02]} 9. d3
{[%clk 01:24:51]} {[%emt 00:03:17]} Bb7 {[%clk 01:29:43]} {[%emt 00:01:28]} 10.
e4 {[%clk 01:18:38]} {[%emt 00:06:44]} dxe4 {[%clk 01:25:42]} {[%emt 00:04:31]}
11. Nxe4 {[%clk 01:17:30]} {[%emt 00:01:37]} Be7 {[%clk 01:09:37]} {[%emt
00:16:34]} 12. Qe2 {[%clk 01:12:35]} {[%emt 00:05:27]} Qc7 {[%clk 01:09:23]}
{[%emt 00:00:43]} 13. Rad1 {[%clk 01:09:15]} {[%emt 00:03:50]} c5 {[%clk
01:07:00]} {[%emt 00:02:53]} 14. Rd2 {[%clk 01:06:04]} {[%emt 00:03:41]} Rad8
{[%clk 01:05:19]} {[%emt 00:02:11]} 15. Rfd1 {[%clk 01:06:26]} {[%emt
00:00:08]} Nxe4 {[%clk 01:03:33]} {[%emt 00:02:16]} 16. dxe4 {[%clk 01:06:51]}
{[%emt 00:00:05]} Nb8 {[%clk 01:03:27]} {[%emt 00:00:30]} 17. e5 {[%clk
01:00:38]} {[%emt 00:06:50]} Rxd2 {[%clk 01:03:39]} {[%emt 00:00:18]} 18. Rxd2
{[%clk 01:01:02]} {[%emt 00:00:06]} Rd8 {[%clk 01:03:58]} {[%emt 00:00:10]} 19.
Qd1 {[%clk 01:00:46]} {[%emt 00:00:47]} Rxd2 {[%clk 01:04:09]} {[%emt
00:00:20]} 20. Qxd2 {[%clk 01:01:10]} {[%emt 00:00:05]} Qd7 {[%clk 01:04:11]}
{[%emt 00:00:27]} 21. Qxd7 {[%clk 00:55:09]} {[%emt 00:06:31]} 1/2-1/2

[Event "Tournoi International du Pays de Charleroi 2018"]
[Site "Roux, Belgium"]
[Date "2018.07.30"]
[Round "4.4"]
[White "Van Cappellen, Jonas"]
[Black "Kasparov, Sergey"]
[Result "0-1"]
[BlackTitle "IM"]
[WhiteElo "2202"]
[BlackElo "2449"]

1. d4 {[%clk 01:30:57]} {[%emt 00:00:01]} c5 {[%clk 01:30:52]} {[%emt
00:00:08]} 2. d5 {[%clk 01:30:59]} {[%emt 00:00:27]} Nf6 {[%clk 01:31:15]}
{[%emt 00:00:08]} 3. c4 {[%clk 01:30:39]} {[%emt 00:00:51]} b5 {[%clk
01:31:28]} {[%emt 00:00:17]} 4. cxb5 {[%clk 01:30:01]} {[%emt 00:01:07]} a6
{[%clk 01:31:49]} {[%emt 00:00:09]} 5. bxa6 {[%clk 01:30:02]} {[%emt 00:00:28]}
g6 {[%clk 01:32:07]} {[%emt 00:00:14]} 6. Nc3 {[%clk 01:30:25]} {[%emt
00:00:07]} Bg7 {[%clk 01:32:33]} {[%emt 00:00:04]} 7. Nf3 {[%clk 01:30:36]}
{[%emt 00:00:18]} O-O {[%clk 01:32:50]} {[%emt 00:00:12]} 8. g3 {[%clk
01:30:59]} {[%emt 00:00:08]} d6 {[%clk 01:33:05]} {[%emt 00:00:16]} 9. Bg2
{[%clk 01:31:14]} {[%emt 00:00:14]} Bxa6 {[%clk 01:32:48]} {[%emt 00:00:47]} 10.
O-O {[%clk 01:31:32]} {[%emt 00:00:11]} Nfd7 {[%clk 01:32:58]} {[%emt
00:00:22]} 11. Rb1 {[%clk 01:28:01]} {[%emt 00:04:00]} Nb6 {[%clk 01:33:19]}
{[%emt 00:00:10]} 12. Qc2 {[%clk 01:23:44]} {[%emt 00:04:46]} N8d7 {[%clk
01:33:33]} {[%emt 00:00:16]} 13. Rd1 {[%clk 01:19:52]} {[%emt 00:04:22]} Nc4
{[%clk 01:32:38]} {[%emt 00:01:26]} 14. Nd2 {[%clk 01:11:29]} {[%emt 00:08:51]}
Nxd2 {[%clk 01:30:34]} {[%emt 00:02:36]} 15. Bxd2 {[%clk 01:11:12]} {[%emt
00:00:46]} Qc7 {[%clk 01:30:23]} {[%emt 00:00:41]} 16. b3 {[%clk 01:10:12]}
{[%emt 00:01:29]} Rfb8 {[%clk 01:30:31]} {[%emt 00:00:23]} 17. a4 {[%clk
01:04:04]} {[%emt 00:06:38]} Ra7 {[%clk 01:29:54]} {[%emt 00:01:08]} 18. Bf1
{[%clk 01:00:46]} {[%emt 00:03:47]} Qc8 {[%clk 01:28:14]} {[%emt 00:02:10]} 19.
e4 {[%clk 00:49:47]} {[%emt 00:11:28]} Ne5 {[%clk 01:27:28]} {[%emt 00:01:18]}
20. Bxa6 {[%clk 00:41:06]} {[%emt 00:09:10]} Rxa6 {[%clk 01:26:58]} {[%emt
00:01:01]} 21. Kg2 {[%clk 00:36:48]} {[%emt 00:04:46]} Qg4 {[%clk 01:25:05]}
{[%emt 00:02:25]} 22. Nb5 {[%clk 00:36:07]} {[%emt 00:01:10]} Qf3+ {[%clk
01:23:57]} {[%emt 00:01:37]} 23. Kg1 {[%clk 00:35:55]} {[%emt 00:00:41]} Qe2
{[%clk 01:21:48]} {[%emt 00:02:41]} 24. Na3 {[%clk 00:31:10]} {[%emt 00:05:16]}
Nf3+ {[%clk 01:20:35]} {[%emt 00:01:42]} 25. Kg2 {[%clk 00:30:15]} {[%emt
00:01:23]} Nd4 {[%clk 01:20:53]} {[%emt 00:00:14]} 26. Qc4 {[%clk 00:27:20]}
{[%emt 00:03:24]} Qxe4+ {[%clk 01:20:51]} {[%emt 00:00:34]} 27. Kg1 {[%clk
00:27:43]} {[%emt 00:00:06]} Nf3+ {[%clk 01:20:53]} {[%emt 00:00:29]} 0-1